| 000 | 01104 aa a2200253 4500 | ||
|---|---|---|---|
| 005 | 20180803170154.0 | ||
| 008 | 150907b2014 quc|||||r|||| 00| 0 eng d | ||
| 020 | _a9292255673 | ||
| 040 |
_aCO-BoIAVH _cCO-BoIAVH |
||
| 041 | 0 | _aeng | |
| 044 | _acn | ||
| 082 | 0 | 4 |
_a577.1076 _bS44g1 |
| 245 | 1 |
_aGlobal Biodiversity 4 : _bSumary and Conclusions |
|
| 260 |
_aMontreal (Canadá): _b Secretaria sobre el convenio de la diversidad biológica, _c2014. |
||
| 300 |
_a20 páginas _bilustraciones y fotografías a color. _c28 cm |
||
| 650 | 4 |
_aConservation of biological diversity _vSummary |
|
| 650 | 4 |
_a Conservación de la diversidad biológica _vResúmenes |
|
| 650 | 4 |
_a Biodiversity Action Plans _vSummary |
|
| 650 | 4 |
_a Planes de acción en biodiversidad _vResúmenes |
|
| 710 | 2 | _aSecretariat of the Convention on Biological Diversity | |
| 710 | 2 | _aUnited Nations Environment Programme | |
| 773 | 0 |
_dMontreal (Canadá)̀: Secretaria sobre el convenio de la diversidad biológ̤ica, 2014. _z9292255398 _tGlobal biodiversity outlook 4 : |
|
| 942 |
_2ddc _cLIBRO |
||
| 999 |
_c17760 _d17760 |
||